LEADER 00972nam0-22003131i-450 001 990007109900403321 005 20180620115656.0 010 $a2-7384-5906-4 035 $aFED01000710990 035 $a(Aleph)000710990FED01 035 $a000710990 100 $a20020722d1997----km-y0itay50------ba 101 0 $afre 102 $aFR 105 $ay-------001yy 200 1 $aDroit international du désarmement et de la maîtrise des armements$fJean-Marc Lavieille$gprèface de Mohammed Bedjaoui 210 $aParis$cÉditions l'Harmattan$dc1997 215 $a367 p.$d24 cm 225 1 $aLogiques juridiques 676 $a341.733$v21$zita 700 1$aLavieille,$bJean-Marc$0261828 702 1$aBedjaoui,$bMohammed 801 0$aIT$bUNINA$gRICA$2UNIMARC 901 $aBK 912 $a990007109900403321 952 $aX D 308$b43456*$fFGBC 959 $aFGBC 996 $aDroit international du désarmement et de la maîtrise des armements$9704964 997 $aUNINA LEADER 03085nam 2200685 450 001 9910787561003321 005 20230126210438.0 010 $a0-85785-212-4 010 $a0-85785-211-6 035 $a(CKB)2670000000399694 035 $a(EBL)1222420 035 $a(OCoLC)854520290 035 $a(SSID)ssj0000832061 035 $a(PQKBManifestationID)12339705 035 $a(PQKBTitleCode)TC0000832061 035 $a(PQKBWorkID)10881740 035 $a(PQKB)10386338 035 $a(MiAaPQ)EBC1222420 035 $a(MiAaPQ)EBC6033989 035 $a(MiAaPQ)EBC6161900 035 $a(Au-PeEL)EBL6033989 035 $a(OCoLC)1139934013 035 $a(EXLCZ)992670000000399694 100 $a20210916d2012 uy 0 101 0 $aeng 135 $aur|n|---||||| 181 $ctxt 182 $cc 183 $acr 200 10$aMuseums $ea visual anthropology /$fMary Bouquet 205 $aEnglish ed. 210 1$aLondon, England ;$aNew York, New York :$cBerg,$d[2012] 215 $a1 online resource (257 p.) 225 1 $aKey Texts in the Anthropology of Visual and Material Culture 225 0$aKey texts in the anthropology of visual and material culture 300 $aDescription based upon print version of record. 311 $a1-84520-811-0 320 $aIncludes bibliographical references (pages [209]-222) and index. 327 $aMuseums; CONTENTS; List of Illustrations; Acknowledgements; Introduction; 1 Museums in the Twenty-first Century; 2 Stretching the National Museum; 3 A History of Ethnographic Museums; 4 The Ethnography of Museums; 5 Practices of Object Display; 6 Object and Image Repatriation; Afterword: Teylers Revisited; Notes; Bibliography; Index 330 $aMuseums: A Visual Anthropology provides a clear and concise summary of the key ideas, debates and texts of the most important approaches to the study of museums from around the world. The book examines ways to address the social relations of museums, embedded in their sites, collections, and exhibitions, as an integral part of the visual and material culture they comprise. Cross-disciplinary in scope, Museums uses ideas and approaches both from within and outside of anthropology to further students' knowledge of and interest in museums. Including selected, globally based case studies to highli 410 0$aKey Texts in the Anthropology of Visual and Material Culture 606 $aMuseums$xSocial aspects 606 $aMuseums$xPhilosophy 606 $aMaterial culture 606 $aEthnological museums and collections 606 $aAnthropological museums and collections 615 0$aMuseums$xSocial aspects. 615 0$aMuseums$xPhilosophy. 615 0$aMaterial culture. 615 0$aEthnological museums and collections. 615 0$aAnthropological museums and collections. 676 $a301.074 700 $aBouquet$b Mary$f1955-$01200872 801 0$bMiAaPQ 801 1$bMiAaPQ 801 2$bMiAaPQ 906 $aBOOK 912 $a9910787561003321 996 $aMuseums$93846535 997 $aUNINA LEADER 01353nam 2200469 450 001 9910821306503321 005 20230807210341.0 035 $a(CKB)2670000000615517 035 $a(EBL)2042359 035 $a(SSID)ssj0001503200 035 $a(PQKBManifestationID)11859170 035 $a(PQKBTitleCode)TC0001503200 035 $a(PQKBWorkID)11460016 035 $a(PQKB)10439620 035 $a(MiAaPQ)EBC2042359 035 $a(Au-PeEL)EBL2042359 035 $a(OCoLC)908671662 035 $a(EXLCZ)992670000000615517 100 $a20181229h20151849 uy 0 101 0 $aeng 135 $aur|n|---||||| 181 $ctxt 182 $cc 183 $acr 200 10$aCivil disobedience /$fHenry David Thoreau 210 1$aNew York, New York :$cOpen Road Media Integrated Media,$d2015. 210 4$d©1849 215 $a1 online resource (46 p.) 300 $aDescription based upon print version of record. 311 $a1-5040-1377-8 327 $aCover; Title Page; Civil Disobedience; Copyright 606 $aCivil disobedience 615 0$aCivil disobedience. 676 $a303.61 700 $aThoreau$b Henry David$f1817-1862,$0132500 801 0$bMiAaPQ 801 1$bMiAaPQ 801 2$bMiAaPQ 906 $aBOOK 912 $a9910821306503321 996 $aCivil Disobedience$92617782 997 $aUNINA